ONG's y crédito rural en Bolivia / (Record no. 39573)

MARC details
000 -LEADER
campo de control de longitud fija 00892cam a2200289 a 4500
001 - NÚMERO DE CONTROL
campo de control 46533
005 - FECHA Y HORA DE LA ÚLTIMA TRANSACCIÓN
campo de control 20230410105557.0
008 - DATOS DE LONGITUD FIJA--INFORMACIÓN GENERAL
campo de control de longitud fija 970708s1996 bo a b 000 0 spa c
010 ## - NÚMERO DE CONTROL DE LA BIBLIOTECA DEL CONGRESO
Número de control de LC 97169906
035 ## - NÚMERO DE CONTROL DEL SISTEMA
Número de control de sistema (OCoLC)ocm36310080
040 ## - FUENTE DE CATALOGACIÓN
Centro catalogador/agencia de origen NN
Centro/agencia transcriptor NYP
Centro/agencia modificador DLC
035 ## - NÚMERO DE CONTROL DEL SISTEMA
Número de control de sistema (OCoLC)36310080
042 ## - CÓDIGO DE AUTENTICACIÓN
Código de autenticación pcc
043 ## - CÓDIGO DE ÁREA GEOGRÁFICA
Código de área geográfica s-bo---
050 14 - SIGNATURA TOPOGRÁFICA DE LA BIBLIOTECA DEL CONGRESO
Número de clasificación HD 1440
Número de ítem M321o 1996
082 00 - NÚMERO DE LA CLASIFICACIÓN DECIMAL DEWEY
Número de clasificación 332.710984
100 1# - ENTRADA PRINCIPAL--NOMBRE DE PERSONA
Nombre de persona Marconi, Reynaldo.
245 10 - MENCIÓN DEL TÍTULO
Título ONG's y crédito rural en Bolivia /
Mención de responsabilidad, etc. Reynaldo Marconi Ojeda.
260 ## - PUBLICACIÓN, DISTRIBUCIÓN, ETC.
Lugar de publicación, distribución, etc. [La Paz, Bolivia] :
Nombre del editor, distribuidor, etc. Asociación de Instituciones Financieras para el Desarrollo Rural,
Fecha de publicación, distribución, etc. 1996.
300 ## - DESCRIPCIÓN FÍSICA
Extensión xii, 74 p. :
Otras características físicas ill. ;
Dimensiones 21 cm.
504 ## - NOTA DE BIBLIOGRAFÍA, ETC.
Nota de bibliografía, etc. Includes bibliographical references (p. [47]-48).
650 #0 - PUNTO DE ACCESO ADICIONAL DE MATERIA--TÉRMINO DE MATERIA
Término de materia o nombre geográfico como elemento de entrada Rural credit
Subdivisión geográfica Bolivia.
650 #0 - PUNTO DE ACCESO ADICIONAL DE MATERIA--TÉRMINO DE MATERIA
Término de materia o nombre geográfico como elemento de entrada Non-governmental organizations
Subdivisión geográfica Bolivia.
942 ## - ELEMENTOS DE ENTRADA SECUNDARIOS (KOHA)
Fuente del sistema de clasificación o colocación Clasificación de Library of Congress
Tipo de ítem Koha
946 ## - PROCESAMIENTO DE INFORMACIÓN LOCAL (OCLC)
a lmminaya
994 ## -
-- C0
-- DRFGD
Holdings
Estatus retirado Estado de pérdida Fuente del sistema de clasificación o colocación Estado de daño No para préstamo Colección Biblioteca de origen Biblioteca actual Ubicación en estantería Fecha de adquisición Serial enumeration / chronology Signatura topográfica completa Código de barras Visto por última vez Copia número Tipo de ítem Koha
    Clasificación de Library of Congress     Ciencias Sociales Biblioteca Juan Bosch Biblioteca Juan Bosch Ciencias Sociales (3er. Piso) 10/04/2023 1 HD 1440 M321o 1996 00000047573 24/10/2018 1